[Event "Wch Seniors 65 32nd"]
[Site "Porto Santo"]
[Date "2024.11.25"]
[Round "8"]
[White "Mikhalevski, Alexander"]
[Black "Birnboim, Nathan"]
[Result "1-0"]
[WhiteElo "2399"]
[BlackElo "2326"]
[PlyCount "106"]
[EventDate "2024.11.17"]
[EventType "swiss"]
[EventRounds "11"]
[EventCountry "POR"]
[SourceTitle "CB49_2024"]
[SourceDate "2024.12.04"]
[SourceVersion "1"]
[SourceVersionDate "2024.12.04"]
[SourceQuality "1"]

1. d4 Nf6 2. c4 e6 3. Nf3 d5 4. g3 Bb4+ 5. Nbd2 0-0 6. Bg2 dxc4 7. 0-0 c3 8. Nb3 cxb2 9. Bxb2 b6 10. Ne5 Nd5 11. e4 Nf6 12. Qc2 Bb7 13. f4 Nfd7 14. Nd3 Be7 15. f5 exf5 16. Rxf5 Nf6 17. d5 Nbd7 18. Qc4 Nb8 19. Rff1 c6 20. d6 Bxd6 21. e5 Ba6 22. Qc3 Bc7 23. exf6 Qxd3 24. fxg7 Rd8 25. Qe1 Qe2 26. Qc3 Nd7 27. Rf2 Be5 28. Qxc6 Qe3 29. Qd5 Kxg7 30. Qxf7+ Kh8 31. Bxe5+ Nxe5 32. Qf6+ Kg8 33. Bxa8 Rxa8 34. Qf4 Qxf4 35. Rxf4 Bb7 36. Rd1 Rc8 37. Nd4 h6 38. Rf5 Ng4 39. Re1 Rd8 40. Rf4 h5 41. h3 Nh6 42. Re5 Nf7 43. Rxh5 Bd5 44. a3 Kg7 45. Rhf5 Ba2 46. g4 Rc8 47. Rf2 Bc4 48. Nb5 Ra8 49. R2f4 Ba2 50. Rd4 Rc8 51. Rf2 Rc1+ 52. Kh2 Be6 53. Nd6 Ne5 1-0

[Event "Wch Seniors 65 32nd"]
[Site "Porto Santo"]
[Date "2024.11.22"]
[Round "6"]
[White "Mikhalevski, Alexander"]
[Black "Knaak, Rainer"]
[Result "0-1"]
[WhiteElo "2399"]
[BlackElo "2458"]
[PlyCount "52"]
[EventDate "2024.11.17"]
[EventType "swiss"]
[EventRounds "11"]
[EventCountry "POR"]
[SourceTitle "CB49_2024"]
[SourceDate "2024.12.04"]
[SourceVersion "1"]
[SourceVersionDate "2024.12.04"]
[SourceQuality "1"]

1. d4 d5 2. c4 e6 3. Nf3 Nf6 4. g3 dxc4 5. Bg2 Nc6 6. 0-0 Rb8 7. Nc3 b5 8. Ne5 Nxe5 9. dxe5 Nd7 10. Qc2 Bb7 11. Bxb7 Rxb7 12. Qe4 Qc8 13. Rd1 c6 14. Be3 b4 15. Na4 Rb5 16. Qxc4 Nxe5 17. Qe4 f5 18. Qd4 Ra5 19. Rac1 Ng4 20. Rxc6 Qxc6 21. Qd8+ Kf7 22. Rd7+ Kg8 23. Bd4 e5 24. Qe8 Qg6 25. Qd8 Nf6 26. Rb7 Rd5 0-1

[Event "Wch Seniors 65 32nd"]
[Site "Porto Santo"]
[Date "2024.11.21"]
[Round "5"]
[White "Sunye Neto, Jaime"]
[Black "Mikhalevski, Alexander"]
[Result "1/2-1/2"]
[WhiteElo "2374"]
[BlackElo "2399"]
[PlyCount "56"]
[EventDate "2024.11.17"]
[EventType "swiss"]
[EventRounds "11"]
[EventCountry "POR"]
[SourceTitle "CB49_2024"]
[SourceDate "2024.12.04"]
[SourceVersion "1"]
[SourceVersionDate "2024.12.04"]
[SourceQuality "1"]

1. c4 e6 2. Nf3 d5 3. e3 Nf6 4. b3 Be7 5. g3 c5 6. Bg2 d4 7. exd4 cxd4 8. 0-0 Nc6 9. Re1 0-0 10. Bb2 Re8 11. a3 a5 12. d3 Bf8 13. Ne5 Nxe5 14. Rxe5 Nd7 15. Rb5 Nc5 16. b4 axb4 17. axb4 Rxa1 18. Bxa1 Na6 19. Bxb7 Nc7 20. Rb6 Nd5 21. Rb5 Bxb7 22. Rxb7 Qa8 23. Rb5 Qxa1 24. cxd5 exd5 25. Kg2 Qa6 26. Ra5 Qb6 27. Nd2 Bxb4 28. Qa4 Rb8 1/2-1/2

[Event "Wch Seniors 65 32nd"]
[Site "Porto Santo"]
[Date "2024.11.18"]
[Round "2"]
[White "Giffard, Nicolas"]
[Black "Mikhalevski, Alexander"]
[Result "0-1"]
[WhiteElo "2147"]
[BlackElo "2399"]
[PlyCount "86"]
[EventDate "2024.11.17"]
[EventType "swiss"]
[EventRounds "11"]
[EventCountry "POR"]
[SourceTitle "CB49_2024"]
[SourceDate "2024.12.04"]
[SourceVersion "1"]
[SourceVersionDate "2024.12.04"]
[SourceQuality "1"]

1. d4 Nf6 2. c4 e6 3. a3 d5 4. cxd5 exd5 5. Bg5 Be7 6. Qc2 0-0 7. e3 b6 8. Bd3 c5 9. Bxf6 Bxf6 10. Bxh7+ Kh8 11. Bd3 cxd4 12. exd4 Bxd4 13. Ne2 Bf6 14. 0-0 Nd7 15. Nbc3 Bb7 16. Rad1 Qc7 17. Qd2 Nc5 18. Bb1 Rad8 19. Nd4 Ne4 20. Qd3 g6 21. Nce2 Kg7 22. f3 Nc5 23. Qd2 Rh8 24. g3 Rde8 25. b4 Ne6 26. Nxe6+ Rxe6 27. Nd4 Re7 28. Rfe1 Rhe8 29. Rxe7 Qxe7 30. Kf2 Kg8 31. Nc2 Qd7 32. Ba2 Ba6 33. Re1 Rc8 34. Rd1 Re8 35. Re1 Rc8 36. Rd1 d4 37. Ne1 Qh3 38. Ng2 d3 39. Qf4 Rc2+ 40. Rd2 Bd4+ 41. Ke1 Rc1+ 42. Rd1 Bc3+ 43. Kf2 Rc2+ 0-1

[Event "Wch Seniors 65 32nd"]
[Site "Porto Santo"]
[Date "2024.11.17"]
[Round "1"]
[White "Mikhalevski, Alexander"]
[Black "Privara, Igor"]
[Result "1-0"]
[WhiteElo "2399"]
[BlackElo "2032"]
[PlyCount "79"]
[EventDate "2024.11.17"]
[EventType "swiss"]
[EventRounds "11"]
[EventCountry "POR"]
[SourceTitle "CB49_2024"]
[SourceDate "2024.12.04"]
[SourceVersion "1"]
[SourceVersionDate "2024.12.04"]
[SourceQuality "1"]

1. d4 d5 2. c4 e6 3. Nf3 c5 4. cxd5 exd5 5. g3 Nc6 6. Bg2 Nf6 7. 0-0 c4 8. b3 cxb3 9. Qxb3 Be7 10. Ba3 0-0 11. Bxe7 Qxe7 12. Nc3 Be6 13. e3 h6 14. Rab1 Na5 15. Qb5 b6 16. Ne5 Qd6 17. Rfc1 Rac8 18. Qa4 Rfd8 19. Bf1 Bf5 20. Ra1 Ne4 21. Nxe4 Bxe4 22. Rxc8 Rxc8 23. Bh3 Rc7 24. f3 Bg6 25. Qe8+ Kh7 26. Nd7 Rxd7 27. Qxd7 Qa3 28. Qxd5 Qxe3+ 29. Kh1 Qc3 30. Rg1 Nc6 31. f4 Nxd4 32. Bg2 Bc2 33. Qxf7 Qe3 34. Qd5 a5 35. Qe5 Qf2 36. Be4+ g6 37. Qe7+ Kg8 38. Qe8+ Kg7 39. Qe7+ Kg8 40. Bd5+ 1-0

[Event "WchT Seniors 65"]
[Site "Krakow"]
[Date "2024.07.06"]
[Round "5.1"]
[White "Pigott, John C"]
[Black "Mikhalevski, Alexander"]
[Result "1/2-1/2"]
[WhiteElo "2290"]
[BlackElo "2393"]
[PlyCount "44"]
[EventDate "2024.07.02"]
[EventType "team-swiss"]
[EventRounds "9"]
[EventCountry "POL"]
[SourceTitle "CBM 221 Extra"]
[Source "ChessBase"]
[SourceDate "2024.09.30"]
[SourceVersion "1"]
[SourceVersionDate "2024.09.30"]
[SourceQuality "1"]
[WhiteTeam "England 65 II"]
[BlackTeam "Israel 65"]
[WhiteTeamCountry "ENG"]
[BlackTeamCountry "ISR"]

1. c4 e6 2. g3 d5 3. Bg2 dxc4 4. Qa4+ Nd7 5. Qxc4 a6 6. Qc2 Ngf6 7. Nf3 c5 8. Nc3 Bd6 9. 0-0 Qc7 10. d4 b5 11. dxc5 Nxc5 12. Bg5 Bb7 13. Rac1 Rc8 14. Qd2 Qb8 15. Rfd1 Nce4 16. Nxe4 Nxe4 17. Rxc8+ Qxc8 18. Qd3 0-0 19. Ne1 Nxg5 20. Qxd6 Bxg2 21. Kxg2 Ne4 22. Qd7 Qa8 1/2-1/2

[Event "ISR-chT"]
[Site "Israel"]
[Date "2023.02.10"]
[Round "7.4"]
[White "Kupervaser, Erez"]
[Black "Mikhalevski, Alexander"]
[Result "1/2-1/2"]
[WhiteElo "2293"]
[BlackElo "2414"]
[PlyCount "45"]
[EventDate "2023.01.11"]
[EventType "team-tourn"]
[EventRounds "11"]
[EventCountry "ISR"]
[SourceTitle "EXT 2024"]
[Source "ChessBase"]
[SourceDate "2023.10.10"]
[SourceVersion "1"]
[SourceVersionDate "2023.10.10"]
[SourceQuality "1"]
[WhiteTeam "Haifa Nesher"]
[BlackTeam "Rehovot"]
[WhiteTeamCountry "ISR"]
[BlackTeamCountry "ISR"]

1. e4 e5 2. Nf3 Nc6 3. d4 exd4 4. Nxd4 Nf6 5. Nxc6 bxc6 6. e5 Qe7 7. Qe2 Nd5 8. h4 Qe6 9. Nd2 a5 10. g3 Bc5 11. Nb3 Bb6 12. c4 a4 13. Bh3 Qe7 14. Nd2 Nb4 15. Nf3 0-0 16. 0-0 f6 17. a3 Na6 18. Qc2 Nc5 19. exf6 Qxf6 20. Ng5 g6 21. Be3 d6 22. Bxc8 Raxc8 23. Rae1 1/2-1/2

[Event "Heart of Finland op 30th"]
[Site "Jyvaskyla"]
[Date "2022.07.24"]
[Round "9"]
[White "Mikhalevski, Alexander"]
[Black "Engman, Rikard"]
[Result "1/2-1/2"]
[WhiteElo "2428"]
[BlackElo "2159"]
[PlyCount "85"]
[EventDate "2022.07.18"]
[EventType "swiss"]
[EventRounds "9"]
[EventCountry "FIN"]
[SourceTitle "CBM 209 Extra"]
[Source "ChessBase"]
[SourceDate "2022.09.30"]
[SourceVersion "1"]
[SourceVersionDate "2022.09.30"]
[SourceQuality "1"]

1. d4 Nf6 2. c4 e6 3. Nf3 b6 4. Nc3 Bb7 5. a3 d5 6. Bg5 Be7 7. Qa4+ Qd7 8. Qc2 0-0 9. e3 h6 10. Bh4 Ne4 11. cxd5 exd5 12. Ne5 Qd8 13. Bxe7 Qxe7 14. Nxe4 dxe4 15. Bc4 Kh7 16. f4 f6 17. Ng4 c5 18. d5 a6 19. Rd1 b5 20. d6 Qe8 21. Bd5 Bxd5 22. Rxd5 Qe6 23. Rxc5 Nd7 24. f5 Qxd6 25. Rc6 Qd5 26. 0-0 Ne5 27. Nxe5 Qxe5 28. Re6 Rfc8 29. Qe2 Qd5 30. Qg4 Rc2 31. Rd1 Rd2 32. Rc1 Rd8 33. Qg6+ Kh8 34. Re8+ Rxe8 35. Qxe8+ Qg8 36. Qxe4 Qd8 37. Rc6 Rxb2 38. h4 Rd2 39. Rxa6 Rd1+ 40. Kh2 Qc7+ 41. g3 Kh7 42. Rc6 Qa5 43. Qb4 1/2-1/2

[Event "Heart of Finland op 30th"]
[Site "Jyvaskyla"]
[Date "2022.07.21"]
[Round "6"]
[White "Kevlishvili, Robby"]
[Black "Mikhalevski, Alexander"]
[Result "1-0"]
[WhiteElo "2508"]
[BlackElo "2428"]
[PlyCount "87"]
[EventDate "2022.07.18"]
[EventType "swiss"]
[EventRounds "9"]
[EventCountry "FIN"]
[SourceTitle "CBM 209 Extra"]
[Source "ChessBase"]
[SourceDate "2022.09.30"]
[SourceVersion "1"]
[SourceVersionDate "2022.09.30"]
[SourceQuality "1"]

1. e4 e5 2. Nf3 Nc6 3. Bb5 a6 4. Ba4 Nf6 5. 0-0 Nxe4 6. d4 b5 7. Bb3 d5 8. dxe5 Be6 9. Be3 Be7 10. c3 0-0 11. Nbd2 Qd7 12. Bc2 f5 13. exf6 Nxf6 14. Re1 Bd6 15. Nf1 Ne4 16. Ng3 Nxg3 17. hxg3 Kh8 18. Nh4 Qf7 19. Qd3 Qh5 20. Bf4 Bxf4 21. Rxe6 Bd6 22. Rae1 Nd8 23. Re8 Nf7 24. Rxa8 Rxa8 25. Bd1 Qg5 26. Nf3 Qh5 27. Re6 Rd8 28. Nh2 Ne5 29. Qxd5 Qg5 30. f4 Bc5+ 31. Kf1 h6 32. Re8+ Rxe8 33. fxg5 c6 34. Qe4 Re7 35. Nf3 Nc4 36. Qxc6 Ne3+ 37. Kg1 Ba7 38. Qc8+ Kh7 39. Kh2 hxg5 40. Bc2+ g6 41. Nd4 b4 42. Bb3 Bxd4 43. cxd4 Re4 44. Qg8+ 1-0

[Event "ISR-chT"]
[Site "Israel"]
[Date "2022.04.29"]
[Round "11.6"]
[White "Globus, Or"]
[Black "Mikhalevski, Alexander"]
[Result "1/2-1/2"]
[WhiteElo "2425"]
[BlackElo "2418"]
[PlyCount "43"]
[EventDate "2022.01.14"]
[EventType "team-tourn"]
[EventRounds "11"]
[EventCountry "ISR"]
[SourceTitle "EXT 2023"]
[Source "ChessBase"]
[SourceDate "2022.10.05"]
[SourceVersion "1"]
[SourceVersionDate "2022.10.05"]
[SourceQuality "1"]
[WhiteTeam "Ramat Gan Etude"]
[BlackTeam "Rehovot"]
[WhiteTeamCountry "ISR"]
[BlackTeamCountry "ISR"]

1. c4 e6 2. Nc3 d5 3. d4 Nf6 4. cxd5 exd5 5. Bg5 Be7 6. e3 0-0 7. Bd3 Nbd7 8. Nf3 b6 9. Qc2 Bb7 10. 0-0-0 c5 11. Kb1 Ne4 12. h4 Ndf6 13. Bxe4 Nxe4 14. Nxe4 dxe4 15. dxc5 Qe8 16. c6 Bxc6 17. Nd4 Bc5 18. Nxc6 Qxc6 19. Rd4 Qg6 20. Rxe4 h6 21. Bf4 Qxg2 22. Rd1 1/2-1/2

[Event "ISR-chT"]
[Site "Israel"]
[Date "2020.09.04"]
[Round "9.4"]
[White "Mikhalevski, Alexander"]
[Black "Chernomordik, Pavel"]
[Result "1-0"]
[WhiteElo "2432"]
[BlackElo "2218"]
[PlyCount "125"]
[EventDate "2020.01.10"]
[EventType "team-tourn"]
[EventRounds "11"]
[EventCountry "ISR"]
[SourceTitle "EXT 2021"]
[Source "ChessBase"]
[SourceDate "2020.10.23"]
[SourceVersion "1"]
[SourceVersionDate "2020.10.23"]
[SourceQuality "1"]
[WhiteTeam "Tsafrir Rehovot"]
[BlackTeam "Petah Tikva Elitzur Maarav"]
[WhiteTeamCountry "ISR"]
[BlackTeamCountry "ISR"]

1. c4 g6 2. d4 Bg7 3. e4 Nc6 4. Be3 e5 5. dxe5 Bxe5 6. Qd2 d6 7. Nc3 f5 8. Nf3 Bg7 9. Bd3 Nge7 10. 0-0 0-0 11. Bg5 Bf6 12. Bh6 Bg7 13. Bg5 Bf6 14. Bh6 Bg7 15. Rad1 Be6 16. Nd5 Ne5 17. Nxe5 Bxh6 18. Qxh6 dxe5 19. exf5 Bxf5 20. Nf6+ Rxf6 21. Bxf5 Qf8 22. Qxf8+ Kxf8 23. Be4 Ke8 24. c5 c6 25. Rfe1 Rd8 26. Rxd8+ Kxd8 27. Bd3 Rf4 28. Rxe5 Rd4 29. Bf1 Rd1 30. g3 Rb1 31. b3 Rb2 32. Re2 Rb1 33. Kg2 Rc1 34. Rd2+ Ke8 35. Bc4 Nf5 36. h4 Rc3 37. Re2+ Kf8 38. Re6 Rc2 39. a4 a5 40. Re2 Rc3 41. Rd2 Ke8 42. h5 gxh5 43. Re2+ Kf8 44. Re5 Nd4 45. Re3 Rxe3 46. fxe3 Nf5 47. Kf3 h4 48. g4 Ne7 49. g5 Ng6 50. Kg4 Ne5+ 51. Kxh4 Nd7 52. Kh5 Kg7 53. e4 Nxc5 54. e5 b5 55. axb5 cxb5 56. Bxb5 Nxb3 57. e6 Kf8 58. Kh6 Nd4 59. Bc4 a4 60. Kxh7 a3 61. g6 Nf5 62. Ba2 Ng7 63. e7+ 1-0

[Event "ISR-chT"]
[Site "Israel"]
[Date "2020.02.15"]
[Round "8.2"]
[White "Huzman, Alexander"]
[Black "Mikhalevski, Alexander"]
[Result "1-0"]
[WhiteElo "2567"]
[BlackElo "2432"]
[PlyCount "83"]
[EventDate "2020.01.10"]
[EventType "team-tourn"]
[EventRounds "11"]
[EventCountry "ISR"]
[SourceTitle "CBM 194 Extra"]
[Source "ChessBase"]
[SourceDate "2020.03.31"]
[SourceVersion "1"]
[SourceVersionDate "2020.03.31"]
[SourceQuality "1"]
[WhiteTeam "Beer Sheva Eliyahu Levant"]
[BlackTeam "Tsafrir Rehovot"]
[WhiteTeamCountry "ISR"]
[BlackTeamCountry "ISR"]

1. d4 Nf6 2. c4 e6 3. Nf3 d5 4. g3 dxc4 5. Bg2 a6 6. Ne5 Bb4+ 7. Nc3 Nd5 8. 0-0 Nxc3 9. bxc3 Bxc3 10. Rb1 Qxd4 11. Qa4+ b5 12. Qa3 Qxe5 13. Bf4 Qf6 14. Bxc7 Be5 15. Bxe5 Qxe5 16. Bxa8 f6 17. Rfd1 Kf7 18. Rd2 Nd7 19. Rbd1 Nc5 20. Bf3 Re8 21. Bc6 Re7 22. f4 Qf5 23. Rd8 Bb7 24. Bxb7 Rxb7 25. Rc8 Na4 26. Qf3 Re7 27. e4 Qh3 28. Rdd8 Kg6 29. Qa3 Rf7 30. Rc6 Qg4 31. Qe3 Nb2 32. Kg2 Nd3 33. h3 Nxf4+ 34. Qxf4 Qe2+ 35. Qf2 Qxe4+ 36. Qf3 Qc2+ 37. Kg1 e5 38. g4 Kg5 39. Rcd6 Kh4 40. Rd2 Qb1+ 41. Kg2 c3 42. R8d3 1-0

[Event "EU-Cup 35th"]
[Site "Ulcinj"]
[Date "2019.11.13"]
[Round "4.6"]
[White "Kaasen, Tor Fredrik"]
[Black "Mikhalevski, Alexander"]
[Result "0-1"]
[WhiteElo "2405"]
[BlackElo "2425"]
[PlyCount "136"]
[EventDate "2019.11.10"]
[EventType "team-swiss"]
[EventRounds "7"]
[EventCountry "MNE"]
[SourceTitle "CBM 193 Extra"]
[Source "ChessBase"]
[SourceDate "2020.01.31"]
[SourceVersion "1"]
[SourceVersionDate "2020.01.31"]
[SourceQuality "1"]
[WhiteTeam "Valerenga"]
[BlackTeam "Rehovot"]
[WhiteTeamCountry "NOR"]
[BlackTeamCountry "ISR"]

1. d4 d5 2. c4 e6 3. Nc3 Be7 4. cxd5 exd5 5. Bf4 Nf6 6. e3 0-0 7. Bd3 c5 8. Nge2 Nc6 9. 0-0 Bg4 10. dxc5 Bxc5 11. h3 Bxe2 12. Nxe2 d4 13. Rc1 Bb6 14. e4 Nd7 15. Bc4 Qh4 16. Bd5 Nf6 17. Bg3 Qg5 18. Nf4 Nxd5 19. Nxd5 Rfe8 20. Re1 Ba5 21. Re2 Rad8 22. Rc4 f5 23. exf5 Qxf5 24. Rxc6 Rxe2 25. Qxe2 Qxd5 26. Re6 h6 27. Re5 d3 28. Qg4 Qd7 29. Qd1 d2 30. Rxa5 Rc8 31. Kh2 Rc1 32. Qb3+ Kh8 33. Rd5 Qxd5 34. Qxd5 d1Q 35. Qxd1 Rxd1 36. Be5 Kg8 37. Kg3 Kf7 38. Bc3 g6 39. Kf3 Rh1 40. Ke4 Ke6 41. Bg7 Re1+ 42. Kf3 h5 43. Bc3 Rc1 44. a3 Rc2 45. Ke3 b6 46. Bd4 Kd5 47. Bf6 a5 48. g4 h4 49. Kf3 b5 50. Bg7 Ke6 51. Bc3 b4 52. Bd4 Kd5 53. Bf6 Kc4 54. g5 Kd5 55. axb4 axb4 56. Ke3 b3 57. Bg7 Ke6 58. Bf6 Kf5 59. Kf3 Rd2 60. Ke3 Rd1 61. Kf3 Rd3+ 62. Kg2 Kf4 63. Be7 Rd2 64. Bf6 Rc2 65. Bd4 Kxg5 66. Kf3 Kf5 67. Bg7 Rd2 68. Ke3 Rd1 0-1

[Event "EU-Cup 35th"]
[Site "Ulcinj"]
[Date "2019.11.11"]
[Round "2.7"]
[White "Kryakvin, Dmitry"]
[Black "Mikhalevski, Alexander"]
[Result "1/2-1/2"]
[WhiteElo "2605"]
[BlackElo "2425"]
[PlyCount "85"]
[EventDate "2019.11.10"]
[EventType "team-swiss"]
[EventRounds "7"]
[EventCountry "MNE"]
[SourceTitle "CBM 193 Extra"]
[Source "ChessBase"]
[SourceDate "2020.01.31"]
[SourceVersion "1"]
[SourceVersionDate "2020.01.31"]
[SourceQuality "1"]
[WhiteTeam "Molodezka"]
[BlackTeam "Rehovot"]
[WhiteTeamCountry "RUS"]
[BlackTeamCountry "ISR"]

1. d4 d5 2. Nf3 Nf6 3. Bf4 e6 4. e3 c5 5. c3 Bd6 6. Bg3 Qc7 7. Nbd2 Nbd7 8. c4 b6 9. Rc1 0-0 10. Be2 Bb7 11. 0-0 Bxg3 12. hxg3 Rac8 13. cxd5 exd5 14. dxc5 bxc5 15. Qa4 Qb6 16. Rc2 a5 17. Rfc1 Qb4 18. Qb3 c4 19. Qc3 Nc5 20. b3 Qxc3 21. Rxc3 Nfe4 22. Nxe4 Nxe4 23. R3c2 cxb3 24. axb3 Rxc2 25. Rxc2 Rc8 26. Bd3 Rxc2 27. Bxc2 Kf8 28. Nd4 Ke7 29. g4 g6 30. Kf1 Kd6 31. Ke1 Kc5 32. f3 Nd6 33. Bd3 h6 34. Kd2 Bc8 35. Kc3 Bd7 36. Kb2 Kb4 37. Nc2+ Kc5 38. Kc3 Bb5 39. Ne1 Bd7 40. Nc2 Bb5 41. Ne1 Bd7 42. Be2 Bb5 43. Bd3 1/2-1/2

[Event "ISR-chT"]
[Site "Israel"]
[Date "2019.04.05"]
[Round "11.1"]
[White "Gershkowich, David"]
[Black "Mikhalevski, Alexander"]
[Result "1/2-1/2"]
[WhiteElo "2200"]
[BlackElo "2430"]
[PlyCount "36"]
[EventDate "2019.01.04"]
[EventType "team-tourn"]
[EventRounds "11"]
[EventCountry "ISR"]
[SourceTitle "CBM 189 Extra"]
[Source "ChessBase"]
[SourceDate "2019.05.31"]
[SourceVersion "1"]
[SourceVersionDate "2019.05.31"]
[SourceQuality "1"]
[WhiteTeam "Tel Aviv Har Tsvi"]
[BlackTeam "Tsafrir Rehovot"]
[WhiteTeamCountry "ISR"]
[BlackTeamCountry "ISR"]

1. d4 d5 2. c4 e6 3. Nc3 Be7 4. Nf3 Nf6 5. Bg5 0-0 6. e3 b6 7. Rc1 Bb7 8. cxd5 exd5 9. Bd3 Nbd7 10. 0-0 Ne4 11. Bf4 Nxc3 12. Rxc3 c5 13. dxc5 bxc5 14. Bb1 Nf6 15. Qb3 Qb6 16. Rd1 Qxb3 17. Rxb3 Bc6 18. Rc3 Nh5 1/2-1/2

[Event "ISR-chT"]
[Site "Israel"]
[Date "2019.03.09"]
[Round "10.5"]
[White "Mikhalevski, Alexander"]
[Black "Ben Artzi, Ido"]
[Result "1-0"]
[WhiteElo "2430"]
[BlackElo "2382"]
[PlyCount "91"]
[EventDate "2019.01.04"]
[EventType "team-tourn"]
[EventRounds "11"]
[EventCountry "ISR"]
[SourceTitle "CBM 189 Extra"]
[Source "ChessBase"]
[SourceDate "2019.05.31"]
[SourceVersion "1"]
[SourceVersionDate "2019.05.31"]
[SourceQuality "1"]
[WhiteTeam "Tsafrir Rehovot"]
[BlackTeam "Kfar Saba"]
[WhiteTeamCountry "ISR"]
[BlackTeamCountry "ISR"]

1. d4 d6 2. c4 e5 3. d5 Be7 4. Nc3 Bg5 5. Bxg5 Qxg5 6. Nf3 Qd8 7. c5 Nf6 8. cxd6 cxd6 9. e4 0-0 10. Be2 a5 11. Nd2 Nbd7 12. Na4 Nb6 13. Rc1 Bd7 14. Nc3 a4 15. 0-0 a3 16. b3 Qe7 17. Bb5 Rfc8 18. Qe2 Ne8 19. Bxd7 Qxd7 20. Qb5 Qxb5 21. Nxb5 Ra5 22. Rxc8 Nxc8 23. Rc1 Nb6 24. Nc3 Nc7 25. Na4 Nba8 26. Nb6 f5 27. f3 fxe4 28. fxe4 Kf8 29. Ndc4 Ra6 30. Nxa8 Nxa8 31. Nxd6 Rxd6 32. Rc8+ Ke7 33. Rxa8 Rf6 34. Rxa3 Rf4 35. Ra4 b5 36. g3 Rg4 37. Rb4 Kd6 38. a4 bxa4 39. Rxa4 Kc5 40. Rc4+ Kb5 41. Kf2 Rg6 42. Rc7 Rf6+ 43. Ke2 Ra6 44. h4 Ra2+ 45. Kf3 Rb2 46. Rxg7 1-0

[Event "ISR-chT"]
[Site "Israel"]
[Date "2019.02.09"]
[Round "4.6"]
[White "Mikhalevski, Alexander"]
[Black "Golod, Vitali"]
[Result "1/2-1/2"]
[WhiteElo "2430"]
[BlackElo "2532"]
[PlyCount "30"]
[EventDate "2019.01.04"]
[EventType "team-tourn"]
[EventRounds "11"]
[EventCountry "ISR"]
[SourceTitle "CBM 188 Extra"]
[Source "ChessBase"]
[SourceDate "2019.02.28"]
[SourceVersion "1"]
[SourceVersionDate "2019.02.28"]
[SourceQuality "1"]
[WhiteTeam "Tsafrir Rehovot"]
[BlackTeam "Ashdod Elite"]
[WhiteTeamCountry "ISR"]
[BlackTeamCountry "ISR"]

1. d4 Nf6 2. c4 g6 3. Nc3 d5 4. Bf4 Bg7 5. e3 0-0 6. Nf3 c5 7. dxc5 Ne4 8. Rc1 Nd7 9. cxd5 Nxc3 10. bxc3 Qa5 11. Be2 Nxc5 12. 0-0 Qxa2 13. Be5 Bxe5 14. Nxe5 Qa5 15. Bc4 Nd7 1/2-1/2

[Event "ISR-chT"]
[Site "Israel"]
[Date "2019.02.08"]
[Round "3.6"]
[White "Iliaguev, Nisim"]
[Black "Mikhalevski, Alexander"]
[Result "1-0"]
[WhiteElo "2360"]
[BlackElo "2430"]
[PlyCount "129"]
[EventDate "2019.01.04"]
[EventType "team-tourn"]
[EventRounds "11"]
[EventCountry "ISR"]
[SourceTitle "CBM 188 Extra"]
[Source "ChessBase"]
[SourceDate "2019.02.28"]
[SourceVersion "1"]
[SourceVersionDate "2019.02.28"]
[SourceQuality "1"]
[WhiteTeam "Beer Sheva Yud Alef"]
[BlackTeam "Tsafrir Rehovot"]
[WhiteTeamCountry "ISR"]
[BlackTeamCountry "ISR"]

1. d4 d5 2. c4 e6 3. Nf3 Nf6 4. g3 dxc4 5. Bg2 a6 6. 0-0 Nc6 7. a4 Rb8 8. a5 Bb4 9. Bd2 Bxd2 10. Qxd2 b5 11. axb6 cxb6 12. Ne5 Nxe5 13. dxe5 Nd5 14. Rd1 Qc7 15. Nc3 0-0 16. Nxd5 exd5 17. Qxd5 b5 18. Qd6 Qa7 19. h4 Rb6 20. Qc5 Rb7 21. Qxa7 Rxa7 22. Rd6 g6 23. f4 Kg7 24. Bd5 Re8 25. Kf2 Rc7 26. e4 Ree7 27. Rc1 Ra7 28. Ke3 Rec7 29. Kd4 Bd7 30. Rf1 b4 31. Rc1 c3 32. bxc3 a5 33. c4 a4 34. Rb6 b3 35. c5 Be6 36. c6 a3 37. Rxb3 a2 38. Ra1 Rxc6 39. Bxc6 Bxb3 40. Kc3 Be6 41. Kb2 Ra5 42. Rd1 Bg4 43. Rc1 Be6 44. Ka1 Kh6 45. Bd5 Ra3 46. Bxe6 fxe6 47. Rc6 Rxg3 48. Rxe6 Re3 49. f5 Rxe4 50. f6 Rxh4 51. Re8 Rf4 52. Rg8 Rf2 53. e6 Rxf6 54. e7 Re6 55. e8Q Rxe8 56. Rxe8 Kg5 57. Kxa2 Kf4 58. Kb2 h5 59. Kc2 h4 60. Kd2 Kf3 61. Ke1 Kg2 62. Re2+ Kg1 63. Re5 h3 64. Rg5+ Kh1 65. Kf2 1-0

[Event "ISR-chT"]
[Site "Israel"]
[Date "2019.01.04"]
[Round "1.6"]
[White "Mikhalevski, Alexander"]
[Black "Greenfeld, Alon"]
[Result "1/2-1/2"]
[WhiteElo "2430"]
[BlackElo "2525"]
[PlyCount "54"]
[EventDate "2019.01.04"]
[EventType "team-tourn"]
[EventRounds "11"]
[EventCountry "ISR"]
[SourceTitle "CBM 188 Extra"]
[Source "ChessBase"]
[SourceDate "2019.02.28"]
[SourceVersion "1"]
[SourceVersionDate "2019.02.28"]
[SourceQuality "1"]
[WhiteTeam "Tsafrir Rehovot"]
[BlackTeam "Beer Sheva Alef Levant"]
[WhiteTeamCountry "ISR"]
[BlackTeamCountry "ISR"]

1. d4 e6 2. Nf3 c5 3. e3 Nf6 4. Bd3 d5 5. 0-0 Nbd7 6. b3 g6 7. Bb2 Bg7 8. Nbd2 0-0 9. c4 b6 10. Rc1 Bb7 11. dxc5 Nxc5 12. Be2 Qe7 13. b4 Nce4 14. Qa4 Nxd2 15. Nxd2 Rfc8 16. a3 Ne4 17. Qc2 Nxd2 18. Qxd2 Bxb2 19. Qxb2 dxc4 20. Bxc4 a5 21. Be2 Qg5 22. g3 axb4 23. Qxb4 Qd5 24. f3 Qa2 25. Rxc8+ Rxc8 26. Bd3 Rd8 27. Rf2 Qa1+ 1/2-1/2

[Event "ISR-chT 13"]
[Site "Israel"]
[Date "2012.12.28"]
[Round "3.4"]
[White "Axelrod, Arie"]
[Black "Mikhalevski, Alexander"]
[Result "0-1"]
[WhiteElo "2343"]
[BlackElo "2416"]
[PlyCount "88"]
[EventDate "2012.12.21"]
[EventType "team"]
[EventRounds "11"]
[EventCountry "ISR"]
[SourceTitle "EXT 2014"]
[Source "ChessBase"]
[SourceDate "2013.11.20"]
[SourceVersion "1"]
[SourceVersionDate "2013.11.20"]
[SourceQuality "1"]

1. e4 e5 2. Nc3 Nf6 3. Nf3 Nc6 4. Bb5 Bb4 5. 0-0 0-0 6. d3 d6 7. Bxc6 bxc6 8. Na4 Bg4 9. a3 Ba5 10. h3 Bh5 11. c4 c5 12. Rb1 Rb8 13. Bg5 h6 14. Bxf6 Qxf6 15. g4 Bg6 16. Kg2 Qf4 17. Ng1 Qd2 18. Ne2 Qxd1 19. Rfxd1 f6 20. Nac3 Rb7 21. Nb5 a6 22. Nbc3 Rfb8 23. Rd2 Be8 24. Rc2 Bd7 25. f3 g6 26. Nd5 Ba4 27. b3 Rxb3 28. Rxb3 Rxb3 29. Nec3 Rxc3 30. Rxc3 Bxc3 31. Nxc3 Bc2 32. Nd5 Bxd3 33. Nxc7 Kf7 34. Nxa6 Bxc4 35. Nc7 Ke7 36. Na8 Bb3 37. Nc7 Bc4 38. Na8 Kd8 39. a4 Be6 40. a5 Kc8 41. Kf2 Kb7 42. Nb6 Ka6 43. Ke3 Kxa5 44. Na8 Bf7 0-1